[Event "Titled Tuesday intern op 26th Sep Early"]
[Site "Chess.com INT"]
[Date "2023.09.26"]
[Round "4"]
[White "Avalos Parra, Joao"]
[Black "Jaivardhan, Raja Pilla"]
[Result "1-0"]
[WhiteElo "2185"]
[BlackElo "1969"]
[PlyCount "39"]
[EventDate "2023.09.26"]
[EventType "swiss (blitz)"]
[EventRounds "11"]
[EventCountry "USA"]
[SourceTitle "EXT 2024"]
[Source "ChessBase"]
[SourceDate "2023.10.10"]
[SourceVersion "1"]
[SourceVersionDate "2023.10.10"]
[SourceQuality "1"]

1. d4 Nf6 2. c4 e6 3. Nf3 h6 4. g3 g5 5. Bg2 Bg7 6. 0-0 d5 7. Nc3 0-0 8. Qc2 Nbd7 9. e4 dxe4 10. Nxe4 Nxe4 11. Qxe4 Nf6 12. Qc2 Nh7 13. b3 c5 14. Ba3 b6 15. dxc5 Bxa1 16. Rxa1 bxc5 17. Bxc5 Re8 18. Ne5 Ba6 19. Nxf7 Rc8 20. Qg6# 1-0

[Event "Biel HTO 56th"]
[Site "Biel"]
[Date "2023.07.19"]
[Round "3"]
[White "Gomez Barrera, Javiera Belen"]
[Black "Jaivardhan, Raja Pilla"]
[Result "1-0"]
[WhiteElo "2256"]
[BlackElo "2009"]
[PlyCount "61"]
[EventDate "2023.07.17"]
[EventType "swiss"]
[EventRounds "10"]
[EventCountry "SUI"]
[SourceTitle "CBM 215 Extra"]
[Source "ChessBase"]
[SourceDate "2023.09.30"]
[SourceVersion "1"]
[SourceVersionDate "2023.09.30"]
[SourceQuality "1"]

1. e4 c5 2. Nf3 e6 3. d4 cxd4 4. Nxd4 Nc6 5. Nc3 Qc7 6. Be2 a6 7. Nxc6 dxc6 8. f4 b5 9. e5 Bb7 10. Bf3 Bb4 11. Bd2 Rd8 12. Qe2 Bxc3 13. Bxc3 c5 14. 0-0 Ne7 15. Be1 0-0 16. Bh4 Rd7 17. Bxb7 Qxb7 18. Bxe7 Rxe7 19. Rad1 Rd7 20. Rxd7 Qxd7 21. Rd1 Qc8 22. Qd3 c4 23. Qd4 Qb7 24. Qe3 h6 25. Rd6 Ra8 26. Qd4 Qa7 27. c3 Kf8 28. Kf2 Ke7 29. Ke2 g6 30. g4 h5 31. h4 1-0

[Event "Biel HTO 56th"]
[Site "Biel"]
[Date "2023.07.18"]
[Round "2"]
[White "Jaivardhan, Raja Pilla"]
[Black "Adocchio, Giampiero"]
[Result "1/2-1/2"]
[WhiteElo "2009"]
[BlackElo "2165"]
[PlyCount "33"]
[EventDate "2023.07.17"]
[EventType "swiss"]
[EventRounds "10"]
[EventCountry "SUI"]
[SourceTitle "CBM 215 Extra"]
[Source "ChessBase"]
[SourceDate "2023.09.30"]
[SourceVersion "1"]
[SourceVersionDate "2023.09.30"]
[SourceQuality "1"]

1. e4 e6 2. d4 d5 3. Nd2 c5 4. exd5 Qxd5 5. Ngf3 cxd4 6. Bc4 Qd6 7. 0-0 Nf6 8. Nb3 Nc6 9. Nbxd4 Nxd4 10. Nxd4 Be7 11. c3 0-0 12. Qf3 Qc7 13. Bd3 Bd7 14. Bg5 h6 15. Bh4 Rfd8 16. Bg3 Bd6 17. Bxd6 1/2-1/2

[Event "Titled Tuesday intern op 04th Jul Early"]
[Site "Chess.com INT"]
[Date "2023.07.04"]
[Round "10"]
[White "Jaivardhan, Raja Pilla"]
[Black "Guzman Lozano, Campo Elias"]
[Result "0-1"]
[WhiteElo "2009"]
[BlackElo "1924"]
[PlyCount "46"]
[EventDate "2023.07.04"]
[EventType "swiss (blitz)"]
[EventRounds "11"]
[EventCountry "USA"]
[SourceTitle "EXT 2024"]
[Source "ChessBase"]
[SourceDate "2023.10.10"]
[SourceVersion "1"]
[SourceVersionDate "2023.10.10"]
[SourceQuality "1"]

1. g3 d5 2. Bg2 c6 3. b3 Nd7 4. Bb2 e5 5. d3 Bd6 6. Nd2 Ne7 7. e3 0-0 8. Ne2 f5 9. 0-0 Nf6 10. f4 e4 11. dxe4 fxe4 12. c4 Ng4 13. Bd4 c5 14. h3 cxd4 15. hxg4 dxe3 16. Nb1 Bxg4 17. cxd5 Qb6 18. Bxe4 Nf5 19. Bxf5 Rxf5 20. Nbc3 Rd8 21. Qd3 Rh5 22. Ne4 Be7 23. N4c3 Qh6 0-1

[Event "Titled Tuesday intern op 04th Jul Early"]
[Site "Chess.com INT"]
[Date "2023.07.04"]
[Round "1"]
[White "Turzo, Attila"]
[Black "Jaivardhan, Raja Pilla"]
[Result "1-0"]
[WhiteElo "2279"]
[BlackElo "2009"]
[PlyCount "91"]
[EventDate "2023.07.04"]
[EventType "swiss (blitz)"]
[EventRounds "11"]
[EventCountry "USA"]
[SourceTitle "EXT 2024"]
[Source "ChessBase"]
[SourceDate "2023.10.10"]
[SourceVersion "1"]
[SourceVersionDate "2023.10.10"]
[SourceQuality "1"]

1. d4 Nf6 2. c4 e6 3. g3 Bb4+ 4. Nd2 0-0 5. Bg2 d5 6. Ngf3 dxc4 7. 0-0 Nc6 8. Nxc4 Bd7 9. a3 Bd6 10. b4 Nd5 11. Bb2 a5 12. b5 Nce7 13. e4 Nb6 14. Nxb6 cxb6 15. a4 Ng6 16. h4 f5 17. e5 Bc7 18. d5 exd5 19. Qxd5+ Kh8 20. Rad1 Bc8 21. Qc4 Qe7 22. Rc1 Bb8 23. Qxc8 Rxc8 24. Rxc8+ Nf8 25. Rd1 Bxe5 26. Rxa8 Bxb2 27. Rdd8 Kg8 28. Rxf8+ Qxf8 29. Rxf8+ Kxf8 30. Ng5 h6 31. Ne6+ Ke7 32. Nf4 Kd6 33. Bxb7 g5 34. hxg5 hxg5 35. Nd3 Bd4 36. Kg2 Kc7 37. Bc6 Kd6 38. f3 Ke6 39. g4 f4 40. Kf1 Kd6 41. Ke2 Ke6 42. Kd1 Kd6 43. Kc2 Ke6 44. Kb3 Kd6 45. Kc4 Ke6 46. Kxd4 1-0

[Event "Titled Tuesday intern op 27th Jun Early"]
[Site "Chess.com INT"]
[Date "2023.06.27"]
[Round "2"]
[White "Yeritsyan, Hayk"]
[Black "Jaivardhan, Raja Pilla"]
[Result "1-0"]
[WhiteElo "2241"]
[BlackElo "1901"]
[PlyCount "51"]
[EventDate "2023.06.27"]
[EventType "swiss (blitz)"]
[EventRounds "11"]
[EventCountry "USA"]
[SourceTitle "EXT 2024"]
[Source "ChessBase"]
[SourceDate "2023.10.10"]
[SourceVersion "1"]
[SourceVersionDate "2023.10.10"]
[SourceQuality "1"]

1. d4 Nf6 2. Nf3 e6 3. e3 b6 4. Bd3 Bb7 5. Nbd2 d5 6. Ne5 Bd6 7. f4 0-0 8. Qf3 c5 9. c3 cxd4 10. exd4 Nbd7 11. 0-0 h6 12. g4 Bxe5 13. fxe5 Nh7 14. Qg3 a5 15. h4 Ba6 16. Bxa6 Rxa6 17. g5 hxg5 18. Nf3 gxh4 19. Nxh4 Kh8 20. Be3 b5 21. Rf2 b4 22. Raf1 Qe8 23. Rh2 bxc3 24. Qh3 Kg8 25. Ng6 Ndf6 26. Rxf6 1-0

[Event "Titled Tuesday intern op 20th Jun Early"]
[Site "Chess.com INT"]
[Date "2023.06.20"]
[Round "2"]
[White "Jaivardhan, Raja Pilla"]
[Black "Bazilius, Augustinas"]
[Result "0-1"]
[WhiteElo "1901"]
[BlackElo "2110"]
[PlyCount "54"]
[EventDate "2023.06.20"]
[EventType "swiss (blitz)"]
[EventRounds "11"]
[EventCountry "USA"]
[SourceTitle "EXT 2024"]
[Source "ChessBase"]
[SourceDate "2023.10.10"]
[SourceVersion "1"]
[SourceVersionDate "2023.10.10"]
[SourceQuality "1"]

1. e4 c5 2. Nf3 d6 3. d4 cxd4 4. Qxd4 Nf6 5. c4 Nc6 6. Qe3 g6 7. Nc3 Bg7 8. h3 0-0 9. Be2 Nd7 10. 0-0 Nc5 11. Nd2 Nd4 12. Rb1 f5 13. exf5 Bxf5 14. Nde4 Nxe2+ 15. Qxe2 Bxc3 16. Nxc5 dxc5 17. Ra1 Bf6 18. g4 Bd3 19. Qe6+ Kg7 20. Rd1 Bxc4 21. Qe1 Qc7 22. Qe3 Rad8 23. Qh6+ Kg8 24. Bf4 Qb6 25. b3 Bxa1 26. Rxa1 Qf6 27. Re1 Qxf4 0-1

[Event "Titled Tuesday intern op 23rd May Early"]
[Site "Chess.com INT"]
[Date "2023.05.23"]
[Round "2"]
[White "Jaivardhan, Raja Pilla"]
[Black "Seemann, Jakub"]
[Result "1-0"]
[WhiteElo "1901"]
[BlackElo "2446"]
[PlyCount "116"]
[EventDate "2023.05.23"]
[EventType "swiss (blitz)"]
[EventRounds "11"]
[EventCountry "USA"]
[SourceTitle "CBM 214 Extra"]
[Source "ChessBase"]
[SourceDate "2023.07.31"]
[SourceVersion "1"]
[SourceVersionDate "2023.07.31"]
[SourceQuality "1"]

1. e4 e5 2. d4 exd4 3. Qxd4 Nc6 4. Qe3 Bb4+ 5. Nc3 Nf6 6. Bd2 0-0 7. 0-0-0 d6 8. f3 a5 9. g4 a4 10. h4 a3 11. b3 Be6 12. h5 Nd7 13. g5 Qb8 14. f4 Bg4 15. Be2 Bxe2 16. Ngxe2 Qa7 17. Qxa7 Nxa7 18. Be3 Nc6 19. Nd5 Rac8 20. Nd4 Rfe8 21. Nxc6 bxc6 22. Nxb4 Rxe4 23. Bd2 c5 24. Nc6 Kf8 25. Rhe1 Rxe1 26. Rxe1 Nb6 27. h6 gxh6 28. gxh6 Ra8 29. Bc3 Nd5 30. Bg7+ Kg8 31. Rd1 Ra6 32. Nb8 Ra8 33. Nc6 Ra6 34. Nb8 Ra8 35. Nd7 Rd8 36. Rxd5 Rxd7 37. Rg5 c6 38. Kd2 d5 39. c3 c4 40. b4 Rb7 41. Ke3 Re7+ 42. Kd4 Rb7 43. Kc5 Re7 44. Kd6 Re2 45. Kxc6 Rxa2 46. Kd6 Re2 47. Bf6+ Kf8 48. Bg7+ Ke8 49. Bd4 Kf8 50. Bc5 f6 51. Kc6+ Kf7 52. Rg7+ Ke6 53. Re7+ Kf5 54. Rxe2 a2 55. Rxa2 Kxf4 56. Ra7 Ke4 57. Rxh7 f5 58. Rf7 f4 1-0

[Event "Titled Tuesday intern op 23rd May Early"]
[Site "Chess.com INT"]
[Date "2023.05.23"]
[Round "8"]
[White "Sargissyan, Sargis"]
[Black "Jaivardhan, Raja Pilla"]
[Result "1/2-1/2"]
[WhiteElo "2234"]
[BlackElo "1901"]
[PlyCount "50"]
[EventDate "2023.05.23"]
[EventType "swiss (blitz)"]
[EventRounds "11"]
[EventCountry "USA"]
[SourceTitle "CBM 214 Extra"]
[Source "ChessBase"]
[SourceDate "2023.07.31"]
[SourceVersion "1"]
[SourceVersionDate "2023.07.31"]
[SourceQuality "1"]

1. e4 c5 2. Nf3 e6 3. d4 cxd4 4. Nxd4 Nc6 5. Nc3 Qc7 6. f4 a6 7. Nxc6 bxc6 8. Bd3 Bb4 9. 0-0 Nf6 10. e5 Nd5 11. Ne4 Be7 12. c4 Qb6+ 13. Kh1 Ne3 14. Bxe3 Qxe3 15. Rf3 Qb6 16. Qc2 c5 17. f5 exf5 18. Rxf5 d5 19. exd6 Bxf5 20. dxe7 Kxe7 21. Re1 Be6 22. Qf2 h6 23. b4 Qxb4 24. Rb1 Qxc4 25. Bxc4 Rhd8 1/2-1/2

[Event "Titled Tuesday intern op 16th May Early"]
[Site "Chess.com INT"]
[Date "2023.05.16"]
[Round "7"]
[White "Jaivardhan, Raja Pilla"]
[Black "Goswami, Vedant"]
[Result "1/2-1/2"]
[WhiteElo "1901"]
[BlackElo "2034"]
[PlyCount "71"]
[EventDate "2023.05.16"]
[EventType "swiss (blitz)"]
[EventRounds "11"]
[EventCountry "USA"]
[SourceTitle "CBM 214 Extra"]
[Source "ChessBase"]
[SourceDate "2023.07.31"]
[SourceVersion "1"]
[SourceVersionDate "2023.07.31"]
[SourceQuality "1"]

1. e4 g6 2. d4 d6 3. Nf3 Bg7 4. Nc3 c6 5. Bf4 Bg4 6. Qd2 Bxf3 7. gxf3 Nd7 8. 0-0-0 Qa5 9. Kb1 0-0-0 10. h4 h5 11. Bh3 Bh6 12. Bxh6 Nxh6 13. Qd3 e6 14. f4 Ng4 15. Qg3 f5 16. f3 Ne3 17. Rd3 Nc4 18. Qxg6 Qb4 19. Nd1 Kc7 20. Qxe6 fxe4 21. fxe4 Rhe8 22. Qf5 Nd2+ 23. Kc1 Nxe4 24. a3 Qc4 25. Re1 d5 26. Ne3 Qa2 27. Kd1 Nf2+ 28. Ke2 Nxd3 29. Kxd3 Qxb2 30. Nxd5+ cxd5 31. Rxe8 Qxa3+ 32. Kd2 Qb4+ 33. Kc1 Qa3+ 34. Kd2 Qb4+ 35. Kc1 Qa3+ 36. Kd2 1/2-1/2

[Event "Titled Tuesday intern op 16th May Early"]
[Site "Chess.com INT"]
[Date "2023.05.16"]
[Round "9"]
[White "Skaric, Djuro"]
[Black "Jaivardhan, Raja Pilla"]
[Result "1-0"]
[WhiteElo "2334"]
[BlackElo "1901"]
[PlyCount "97"]
[EventDate "2023.05.16"]
[EventType "swiss (blitz)"]
[EventRounds "11"]
[EventCountry "USA"]
[SourceTitle "CBM 214 Extra"]
[Source "ChessBase"]
[SourceDate "2023.07.31"]
[SourceVersion "1"]
[SourceVersionDate "2023.07.31"]
[SourceQuality "1"]

1. g3 g6 2. Bg2 Bg7 3. d3 e6 4. e4 Ne7 5. Nc3 d6 6. f4 Nd7 7. Nf3 b6 8. 0-0 Bb7 9. g4 0-0 10. g5 c5 11. h4 f6 12. gxf6 Nxf6 13. Ng5 Qd7 14. Bh3 Kh8 15. Bxe6 Qe8 16. Bh3 Nc6 17. Ne6 Rf7 18. Nxg7 Rxg7 19. Bd2 Nd4 20. Ne2 Nxe2+ 21. Qxe2 Qf7 22. Bc3 b5 23. a3 a5 24. b4 axb4 25. axb4 Re8 26. Qg2 d5 27. e5 Nh5 28. Ra7 d4 29. Rxb7 Qxb7 30. Qxb7 Rxb7 31. Bb2 Rf7 32. f5 Ng3 33. bxc5 Nxf1 34. Kxf1 gxf5 35. Bxd4 Re6 36. Kg2 Kg8 37. Kf3 Kf8 38. Kf4 Rh6 39. Bf2 Ke7 40. d4 Ke6 41. c6 Ke7 42. d5 Kd8 43. Bb6+ Kc8 44. Bxf5+ Kb8 45. e6 Rg7 46. Bf2 Kc7 47. Ke5 Rg2 48. d6+ Kxc6 49. Be4# 1-0

[Event "Titled Tuesday intern op 02nd May Early"]
[Site "Chess.com INT"]
[Date "2023.05.02"]
[Round "1"]
[White "Ballecer, Dino"]
[Black "Jaivardhan, Raja Pilla"]
[Result "1-0"]
[WhiteElo "2392"]
[BlackElo "1901"]
[PlyCount "45"]
[EventDate "2023.05.02"]
[EventType "swiss (blitz)"]
[EventRounds "11"]
[EventCountry "USA"]
[SourceTitle "EXT 2024"]
[Source "ChessBase"]
[SourceDate "2023.10.10"]
[SourceVersion "1"]
[SourceVersionDate "2023.10.10"]
[SourceQuality "1"]

1. e4 c5 2. Nf3 e6 3. d3 Nc6 4. g3 d5 5. Nbd2 Nf6 6. Bg2 dxe4 7. dxe4 e5 8. 0-0 Bg4 9. h3 Bh5 10. c3 Qd7 11. Qe2 Rd8 12. Nc4 b5 13. Ne3 Nxe4 14. Qxb5 Nd6 15. Qxc5 Nb7 16. Qb5 Nd6 17. Nxe5 Nxb5 18. Bxc6 Qxc6 19. Nxc6 Rc8 20. Ne5 Bd6 21. Nf5 Bxe5 22. Re1 f6 23. Nxg7+ 1-0

[Event "Titled Tuesday intern op 02nd May Early"]
[Site "Chess.com INT"]
[Date "2023.05.02"]
[Round "4"]
[White "Jaivardhan, Raja Pilla"]
[Black "Eidelman, Gabriel"]
[Result "0-1"]
[WhiteElo "1901"]
[BlackElo "2209"]
[PlyCount "96"]
[EventDate "2023.05.02"]
[EventType "swiss (blitz)"]
[EventRounds "11"]
[EventCountry "USA"]
[SourceTitle "EXT 2024"]
[Source "ChessBase"]
[SourceDate "2023.10.10"]
[SourceVersion "1"]
[SourceVersionDate "2023.10.10"]
[SourceQuality "1"]

1. e4 d6 2. d4 g6 3. Nc3 Bg7 4. Nf3 Bg4 5. Be3 Nc6 6. Bb5 a6 7. Ba4 b5 8. Nxb5 axb5 9. Bxb5 Bd7 10. 0-0 Nf6 11. Bd3 0-0 12. c3 e5 13. dxe5 Nxe5 14. Nxe5 dxe5 15. Qd2 Bc6 16. f3 Qe7 17. Qf2 Rfd8 18. Rad1 Rxd3 19. Rxd3 Bb5 20. Bc5 Qe8 21. Rfd1 Bxd3 22. Rxd3 Rxa2 23. Qd2 Ra8 24. g4 Bf8 25. Be3 Be7 26. g5 Nh5 27. h4 Rd8 28. Rxd8 Qxd8 29. Qxd8+ Bxd8 30. b4 Nf4 31. Kf2 Ne6 32. c4 Be7 33. c5 Kf8 34. Ke2 f6 35. gxf6 Bxf6 36. Bf2 Nd4+ 37. Kd3 Nxf3 38. Kc4 Ke7 39. b5 Bxh4 40. Be3 Bg5 41. Bf2 Kd7 42. Kd5 c6+ 43. bxc6+ Kc7 44. Bg3 Bf4 45. Bf2 h5 46. Ke6 h4 47. Kf6 h3 48. Kxg6 h2 0-1

[Event "Titled Tuesday intern op 25th Apr Early"]
[Site "Chess.com INT"]
[Date "2023.04.25"]
[Round "6"]
[White "Jaivardhan, Raja Pilla"]
[Black "Bashkansky, Ethan"]
[Result "0-1"]
[WhiteElo "1901"]
[BlackElo "2101"]
[PlyCount "86"]
[EventDate "2023.04.25"]
[EventType "swiss (blitz)"]
[EventRounds "11"]
[EventCountry "USA"]
[SourceTitle "EXT 2024"]
[Source "ChessBase"]
[SourceDate "2023.10.10"]
[SourceVersion "1"]
[SourceVersionDate "2023.10.10"]
[SourceQuality "1"]

1. e4 c6 2. d4 d5 3. Nd2 dxe4 4. Nxe4 Bf5 5. Ng3 Bg6 6. Nf3 Nd7 7. h4 h6 8. h5 Bh7 9. Bd3 Bxd3 10. Qxd3 e6 11. Bd2 Ngf6 12. 0-0-0 Be7 13. Kb1 0-0 14. Ne4 Nxe4 15. Qxe4 Nf6 16. Qe2 Qd5 17. Be3 Ng4 18. c4 Qe4+ 19. Ka1 Nxe3 20. fxe3 c5 21. Nd2 Qc6 22. g4 Bf6 23. Nf3 Rac8 24. Rc1 Qe4 25. Nd2 Qc6 26. dxc5 Qxc5 27. Ne4 Qe5 28. Nxf6+ Qxf6 29. Rhf1 Qe5 30. Qf3 b6 31. Qb7 Rc7 32. Qf3 Rfc8 33. Kb1 f6 34. b3 a5 35. Qf4 Qc5 36. Qe4 e5 37. Rf5 b5 38. g5 hxg5 39. h6 bxc4 40. Rxc4 Qd6 41. Rxc7 Qxc7 42. Qd5+ Kh7 43. Qd3 Qc1# 0-1

[Event "Titled Tuesday intern op 25th Apr Early"]
[Site "Chess.com INT"]
[Date "2023.04.25"]
[Round "3"]
[White "Pandey, Srishti"]
[Black "Jaivardhan, Raja Pilla"]
[Result "0-1"]
[WhiteElo "2174"]
[BlackElo "1901"]
[PlyCount "88"]
[EventDate "2023.04.25"]
[EventType "swiss (blitz)"]
[EventRounds "11"]
[EventCountry "USA"]
[SourceTitle "EXT 2024"]
[Source "ChessBase"]
[SourceDate "2023.10.10"]
[SourceVersion "1"]
[SourceVersionDate "2023.10.10"]
[SourceQuality "1"]

1. e4 c5 2. Nf3 e6 3. d4 cxd4 4. Nxd4 Nc6 5. Nc3 a6 6. Be3 Qc7 7. Qe2 Nf6 8. g4 Bb4 9. Bg2 Nxd4 10. Bxd4 e5 11. 0-0-0 exd4 12. Nd5 Nxd5 13. exd5+ Kf8 14. Rxd4 Bc5 15. Re1 g6 16. Rc4 Qd6 17. Qd2 f6 18. Qc3 b6 19. b4 Bxf2 20. Rf1 Bh4 21. Rxc8+ Rxc8 22. Qxc8+ Kg7 23. Qc4 Bg5+ 24. Kb1 Rc8 25. Qxc8 Qxb4+ 26. Ka1 Qd4+ 27. c3 Qd2 28. Bf3 Qc2 29. Qxd7+ Kh6 30. Qc6 Bc1 31. g5+ fxg5 32. Qxb6 Qxc3+ 33. Kb1 Bf4 34. Qb2 Qd3+ 35. Qc2 Qxf1+ 36. Kb2 Qxf3 37. Qc4 Be5+ 38. Kc2 Qf2+ 39. Kd3 Qf1+ 40. Ke4 Qxc4+ 41. Kxe5 Qxa2 42. d6 Qxh2+ 43. Ke6 Qxd6+ 44. Kxd6 a5 0-1

[Event "Titled Tuesday intern op 18th Apr Early"]
[Site "Chess.com INT"]
[Date "2023.04.18"]
[Round "1"]
[White "Aggelis, Nikolaos"]
[Black "Jaivardhan, Raja Pilla"]
[Result "1/2-1/2"]
[WhiteElo "2274"]
[BlackElo "1901"]
[PlyCount "118"]
[EventDate "2023.04.18"]
[EventType "swiss (blitz)"]
[EventRounds "11"]
[EventCountry "USA"]
[SourceTitle "EXT 2024"]
[Source "ChessBase"]
[SourceDate "2023.10.10"]
[SourceVersion "1"]
[SourceVersionDate "2023.10.10"]
[SourceQuality "1"]

1. c4 e5 2. g3 g6 3. Bg2 Bg7 4. Nc3 Nc6 5. e3 Nge7 6. Nge2 0-0 7. 0-0 d6 8. d3 Be6 9. Rb1 Rb8 10. Nd5 Bxd5 11. cxd5 Nb4 12. Qb3 Na6 13. Qc2 c6 14. Nc3 Nb4 15. Qa4 Nbxd5 16. Qc2 Nxc3 17. bxc3 d5 18. c4 d4 19. exd4 exd4 20. Ba3 Re8 21. Rfe1 Nc8 22. Qd2 Rxe1+ 23. Rxe1 Nd6 24. Qf4 Nf5 25. Bh3 Bh6 26. Qe5 Ng7 27. Bd6 Ra8 28. Be7 Qe8 29. Qa5 Ne6 30. Rxe6 fxe6 31. Bxe6+ Kh8 32. Qe5+ Bg7 33. Bf6 Qf8 34. Bxg7+ Qxg7 35. Qd6 Re8 36. Bg4 Qe5 37. Qd7 Rg8 38. h4 Qe1+ 39. Kg2 Qe5 40. Qxb7 c5 41. Bf3 Qg7 42. Qc6 Rf8 43. Qxc5 Qf6 44. Qd5 a5 45. c5 a4 46. c6 a3 47. c7 h5 48. Qb7 Qf5 49. Kh2 Qc8 50. Qc6 Qf5 51. Kg2 Qc8 52. Qxg6 Qf5 53. Qh6+ Kg8 54. Qd6 Qxf3+ 55. Kh2 Qxf2+ 56. Kh3 Qf1+ 57. Kh2 Qf2+ 58. Kh3 Qf1+ 59. Kh2 Qf2+ 1/2-1/2

[Event "Titled Tuesday intern op 18th Apr Early"]
[Site "Chess.com INT"]
[Date "2023.04.18"]
[Round "7"]
[White "Baches Garcia, Guillermo"]
[Black "Jaivardhan, Raja Pilla"]
[Result "1-0"]
[WhiteElo "2334"]
[BlackElo "1901"]
[PlyCount "49"]
[EventDate "2023.04.18"]
[EventType "swiss (blitz)"]
[EventRounds "11"]
[EventCountry "USA"]
[SourceTitle "EXT 2024"]
[Source "ChessBase"]
[SourceDate "2023.10.10"]
[SourceVersion "1"]
[SourceVersionDate "2023.10.10"]
[SourceQuality "1"]

1. e4 c5 2. Nf3 e6 3. d4 cxd4 4. Nxd4 Nc6 5. Nc3 a6 6. Be3 Qc7 7. g4 Bb4 8. Nxc6 Qxc6 9. Qd4 Bxc3+ 10. bxc3 Nf6 11. f3 d6 12. g5 e5 13. Qc4 Qxc4 14. Bxc4 Nd7 15. 0-0-0 Ke7 16. Rd2 Rd8 17. Rhd1 Nf8 18. Bb6 Rd7 19. Bb3 Ne6 20. Ba4 Nxg5 21. Bxd7 Bxd7 22. Rxd6 Be6 23. Rd8 Bc8 24. Rh8 Nxf3 25. Rdd8 1-0

[Event "Titled Tuesday intern op 18th Apr Early"]
[Site "Chess.com INT"]
[Date "2023.04.18"]
[Round "10"]
[White "Rodriguez Santiago, Jaime"]
[Black "Jaivardhan, Raja Pilla"]
[Result "1-0"]
[WhiteElo "2026"]
[BlackElo "1901"]
[PlyCount "93"]
[EventDate "2023.04.18"]
[EventType "swiss (blitz)"]
[EventRounds "11"]
[EventCountry "USA"]
[SourceTitle "EXT 2024"]
[Source "ChessBase"]
[SourceDate "2023.10.10"]
[SourceVersion "1"]
[SourceVersionDate "2023.10.10"]
[SourceQuality "1"]

1. c4 c5 2. Nc3 e5 3. g3 d6 4. Bg2 Nc6 5. e4 Nf6 6. d3 Be6 7. Nge2 Be7 8. a3 0-0 9. 0-0 a5 10. Rb1 Nd4 11. Nxd4 exd4 12. Ne2 Nd7 13. f4 f5 14. exf5 Bxf5 15. Bxb7 Rb8 16. Bg2 Bg4 17. h3 Bh5 18. g4 Bf7 19. Ng3 Nf6 20. Bd2 d5 21. g5 Ne8 22. Qe2 dxc4 23. dxc4 d3 24. Qe4 Nd6 25. Qxd3 Nxc4 26. Qxd8 Rfxd8 27. Bc3 Bd6 28. Nf5 Bc7 29. Nxg7 Ne3 30. Rf2 Nd1 31. Rxd1 Rxd1+ 32. Kh2 Re8 33. Nxe8 Bxe8 34. Bf3 Bxf4+ 35. Kg2 Rd8 36. Bxa5 Rb8 37. Bd5+ Kg7 38. Bc3+ Kg6 39. Rxf4 Kxg5 40. Kg3 h5 41. h4+ Kg6 42. Rf6+ Kh7 43. Be4+ Kg8 44. Bd5+ Kh7 45. Rf8 Kg6 46. Be4+ Kh6 47. Rh8# 1-0

[Event "Titled Tuesday intern op 11th Apr Early"]
[Site "Chess.com INT"]
[Date "2023.04.11"]
[Round "4"]
[White "Jaivardhan, Raja Pilla"]
[Black "Prudnykova, Olga"]
[Result "0-1"]
[WhiteElo "1901"]
[BlackElo "2268"]
[PlyCount "30"]
[EventDate "2023.04.11"]
[EventType "swiss (blitz)"]
[EventRounds "11"]
[EventCountry "USA"]
[SourceTitle "CBM 213 Extra"]
[Source "ChessBase"]
[SourceDate "2023.05.31"]
[SourceVersion "1"]
[SourceVersionDate "2023.05.31"]
[SourceQuality "1"]

1. e4 c5 2. Nf3 Nf6 3. e5 Nd5 4. c4 Nc7 5. d4 cxd4 6. Nxd4 g6 7. Nc3 Bg7 8. f4 0-0 9. Be3 d6 10. exd6 Qxd6 11. Nde2 Qe6 12. Qd3 Nc6 13. 0-0-0 Nb4 14. Qd2 Qxc4 15. Kb1 Bf5+ 0-1

[Event "Titled Tuesday intern op 11th Apr Early"]
[Site "Chess.com INT"]
[Date "2023.04.11"]
[Round "7"]
[White "Kula, Robert"]
[Black "Jaivardhan, Raja Pilla"]
[Result "1-0"]
[WhiteElo "2284"]
[BlackElo "1901"]
[PlyCount "65"]
[EventDate "2023.04.11"]
[EventType "swiss (blitz)"]
[EventRounds "11"]
[EventCountry "USA"]
[SourceTitle "CBM 213 Extra"]
[Source "ChessBase"]
[SourceDate "2023.05.31"]
[SourceVersion "1"]
[SourceVersionDate "2023.05.31"]
[SourceQuality "1"]

1. d4 Nf6 2. c4 e6 3. Nc3 Bb4 4. Nf3 b6 5. e3 Bb7 6. Bd3 Ne4 7. Qc2 f5 8. 0-0 Bxc3 9. bxc3 0-0 10. a4 a5 11. Rb1 d6 12. Ba3 Nd7 13. Nd2 Ng5 14. f4 Nf7 15. c5 dxc5 16. dxc5 Ba6 17. Bxa6 Rxa6 18. cxb6 Re8 19. b7 Qb8 20. c4 Rb6 21. c5 Rxb7 22. Rxb7 Qxb7 23. c6 Qa7 24. cxd7 Qxe3+ 25. Kh1 Ra8 26. Nc4 Qd4 27. Rd1 Qxf4 28. Be7 Nd8 29. Nxa5 Rxa5 30. Bxd8 Rd5 31. Bg5 Qxg5 32. Rxd5 exd5 33. Qxc7 1-0

[Event "Titled Tuesday intern op 11th Apr Early"]
[Site "Chess.com INT"]
[Date "2023.04.11"]
[Round "11"]
[White "Qashashvili, Alexandre"]
[Black "Jaivardhan, Raja Pilla"]
[Result "1/2-1/2"]
[WhiteElo "2505"]
[BlackElo "1901"]
[PlyCount "70"]
[EventDate "2023.04.11"]
[EventType "swiss (blitz)"]
[EventRounds "11"]
[EventCountry "USA"]
[SourceTitle "CBM 213 Extra"]
[Source "ChessBase"]
[SourceDate "2023.05.31"]
[SourceVersion "1"]
[SourceVersionDate "2023.05.31"]
[SourceQuality "1"]

1. e4 c5 2. Nc3 Nc6 3. Nf3 e6 4. Bc4 a6 5. a3 b5 6. Ba2 Bb7 7. d3 Qc7 8. 0-0 Nf6 9. g3 Be7 10. Bf4 d6 11. Re1 e5 12. Be3 0-0 13. Nd5 Nxd5 14. Bxd5 Nd4 15. Bxb7 Qxb7 16. c3 Nxf3+ 17. Qxf3 f5 18. Kg2 fxe4 19. Qxe4 d5 20. Qxe5 d4+ 21. Kg1 dxe3 22. Rxe3 Bf6 23. Qxc5 Rac8 24. Qh5 Qb6 25. d4 a5 26. Rae1 b4 27. axb4 axb4 28. Qd5+ Kh8 29. Qd7 Rcd8 30. Re8 Kg8 31. Rxd8 Qxd8 32. Qe6+ Kh8 33. Qc4 bxc3 34. bxc3 h6 35. Qd3 Bg5 1/2-1/2